5HLuxD.jpg

KING HENRY VIII SENIOR AND PRIMARY SCHOOL LIBRARY OPAC

Crazy Creations (Record no. 5875)

000 -LEADER
fixed length control field 00566nam a22001937a 4500
005 - DATE AND TIME OF LATEST TRANSACTION
control field 20251125075641.0
008 - FIXED-LENGTH DATA ELEMENTS--GENERAL INFORMATION
fixed length control field 251125b ||||| |||| 00| 0 eng d
020 ## - INTERNATIONAL STANDARD BOOK NUMBER
International Standard Book Number 9781741857023
040 ## - CATALOGING SOURCE
Transcribing agency KH8
082 ## - DEWEY DECIMAL CLASSIFICATION NUMBER
Classification number 702 HIN
100 ## - MAIN ENTRY--PERSONAL NAME
Relator term -1
245 ## - TITLE STATEMENT
Title Crazy Creations
260 ## - PUBLICATION, DISTRIBUTION, ETC.
Place of publication, distribution, etc. 45-55 Fairchild Street,Heatherton Victoria 3202 Australia
Name of publisher, distributor, etc. Hinkler Books Pty Ltd
Date of publication, distribution, etc. 2010
300 ## - PHYSICAL DESCRIPTION
Extent 47 pages
Other physical details Colour illustration
Dimensions 23cm x 30cm
520 ## - SUMMARY, ETC.
Summary, etc. Have fun while being creative!
650 ## - SUBJECT ADDED ENTRY--TOPICAL TERM
Source of heading or term Arts
Topical term or geographic name entry element Juvenile Literature
655 ## - INDEX TERM--GENRE/FORM
Genre/form data or focus term Art & Design
942 ## - ADDED ENTRY ELEMENTS (KOHA)
Source of classification or shelving scheme
Koha item type Books - Non Ficton
Holdings
Withdrawn status Lost status Source of classification or shelving scheme Damaged status Not for loan Collection code Permanent Location Current Location Shelving location Date acquired Full call number Barcode Date last seen Price effective from Koha item type Public note
          Non-Fiction KH8 Primary School Library KH8 Primary School Library Non Fiction 2025-11-25 702 HIN KHPL000008123 2025-11-25 2025-11-25 Books - Non Ficton PRIMARY LIBRARY

Powered By KH8 IT Dept